[Event "XXI Paul Keres Memorial Rapid"]
[Site "Tallinn EST"]
[Date "2012.01.08"]
[Round "1"]
[White "Shirov, Alexei"]
[Black "Ehlvest, Jaan"]
[Result "1/2-1/2"]
[WhiteTitle "GM"]
[BlackTitle "GM"]
[WhiteElo "2710"]
[BlackElo "2594"]
[WhiteFideId "2209390"]
[BlackFideId "4500016"]
[EventDate "2012.01.08"]

1. e4 c5 2. Nf3 Nc6 3. d4 cxd4 4. Nxd4 Qb6 5. Nb3 Nf6 6. Nc3 e6 7. Bg5 Be7 8.
Bd3 d6 9. Qe2 h6 10. Be3 Qc7 11. Nb5 Qb8 12. f4 a6 13. N5d4 Qc7 14. O-O-O Nxd4
15. Nxd4 e5 16. Nf5 Bxf5 17. exf5 Rc8 18. c3 O-O 19. Kb1 Nd5 20. fxe5 dxe5 21.
Bc1 Nf4 22. Qe4 Nxd3 23. Rxd3 Rfd8 24. Rhd1 Bg5 25. Bxg5 hxg5 26. Kc2 Rxd3 27.
Rxd3 b5 28. h4 gxh4 29. Qxh4 Qc4 30. g4 Qe4 31. Kd2 Qf4+ 32. Kd1 f6 33. Qh5 e4
34. Rd7 Qf1+ 35. Kc2 Qe2+ 36. Kc1 Qe1+ 37. Kc2 Qe2+ 38. Kc1 1/2-1/2

[Event "XXI Paul Keres Memorial Rapid"]
[Site "Tallinn EST"]
[Date "2012.01.08"]
[Round "1"]
[White "Volodin, Aleksandr"]
[Black "Nyback, Tomi"]
[Result "1/2-1/2"]
[WhiteTitle "GM"]
[BlackTitle "GM"]
[WhiteElo "2491"]
[BlackElo "2634"]
[WhiteFideId "4501950"]
[BlackFideId "503142"]
[EventDate "2012.01.08"]

1. d4 Nf6 2. c4 e6 3. Nf3 c5 4. d5 b5 5. Bg5 b4 6. e4 d6 7. Bd3 Be7 8. Bf4 e5 9.
Bc1 a5 10. a3 Nbd7 11. O-O O-O 12. Nbd2 Ne8 13. Re1 g6 14. Nf1 Ng7 15. Bh6 Rb8
16. b3 Kh8 17. Qc2 Nf6 18. h3 Ng8 19. Bxg7+ Kxg7 20. axb4 axb4 21. Ra7 Kh8 22.
Ng3 Bf6 23. Rea1 Bg7 24. Qa2 f5 25. Qa5 Qxa5 26. R1xa5 f4 27. Nf1 Nf6 28. Ng5
Kg8 29. Re7 Re8 30. Rc7 Rb7 31. Rc6 Bf8 32. Nd2 Bd7 33. Rca6 h6 34. Ne6 Bxe6 35.
dxe6 Rc7 36. Bc2 Rxe6 37. Nf3 g5 38. Kf1 Kf7 39. Ke2 Re8 40. Kd3 Be7 41. Nh2 h5
42. Bd1 Rg8 43. f3 Nd7 44. Nf1 Nb8 45. Ra7 Rxa7 46. Rxa7 Nc6 47. Ra6 Nd4 48. Nh2
Ne6 49. Ra7 Nf8 50. Ke2 Ng6 51. Kf2 Nh4 52. Be2 Rb8 53. Bd1 Ng6 54. Nf1 Nf8 55.
Nd2 Nh7 56. Nf1 Nf6 57. Nh2 Ke8 58. Ke2 Kd8 59. Kd3 Ne8 60. Nf1 Nc7 61. g4 fxg3
62. Nxg3 h4 63. Nf5 Bf8 64. Be2 Kd7 65. Ne3 Kc6 66. Nd5 Rb7 67. Rxb7 Kxb7 68.
Nxc7 Kxc7 1/2-1/2

[Event "XXI Paul Keres Memorial Rapid"]
[Site "Tallinn EST"]
[Date "2012.01.08"]
[Round "1"]
[White "Khalifman, Alexander"]
[Black "Fedoseev, Vladimir3"]
[Result "1/2-1/2"]
[WhiteTitle "GM"]
[BlackTitle "GM"]
[WhiteElo "2632"]
[BlackElo "2525"]
[WhiteFideId "4100115"]
[BlackFideId "24130737"]
[EventDate "2012.01.08"]

1. d4 d5 2. c4 c6 3. Nf3 Nf6 4. Nc3 e6 5. g3 b6 6. Bg2 Bb7 7. O-O Be7 8. Nd2 O-O
9. e4 dxe4 10. Ndxe4 Nbd7 11. Bf4 Nxe4 12. Nxe4 Nf6 13. Nxf6+ Bxf6 14. Be5 1/2-1/2

[Event "XXI Paul Keres Memorial Rapid"]
[Site "Tallinn EST"]
[Date "2012.01.08"]
[Round "2"]
[White "Fedoseev, Vladimir3"]
[Black "Seeman, Tarvo"]
[Result "1-0"]
[WhiteTitle "GM"]
[BlackTitle "IM"]
[WhiteElo "2525"]
[BlackElo "2399"]
[WhiteFideId "24130737"]
[BlackFideId "4500547"]
[EventDate "2012.01.08"]

1. d4 Nf6 2. c4 g6 3. g3 Bg7 4. Bg2 O-O 5. Nc3 d6 6. Nf3 Nbd7 7. O-O e5 8. h3
exd4 9. Nxd4 Re8 10. b3 c6 11. Bb2 Nc5 12. Qc2 a5 13. e3 a4 14. Rab1 axb3 15.
axb3 Qe7 16. Ra1 Bd7 17. b4 Ne6 18. Nf3 Nc7 19. Na4 Bf5 20. Qe2 d5 21. c5 Nb5
22. Nb6 Rxa1 23. Rxa1 Be4 24. Bf1 Nd7 25. Bxg7 Nxb6 26. Bb2 Bxf3 27. Qxf3 Nc4
28. Bf6 Qe6 29. Qf4 h5 30. g4 1-0

[Event "XXI Paul Keres Memorial Rapid"]
[Site "Tallinn EST"]
[Date "2012.01.08"]
[Round "2"]
[White "Khalifman, Alexander"]
[Black "Volodin, Aleksandr"]
[Result "1/2-1/2"]
[WhiteTitle "GM"]
[BlackTitle "GM"]
[WhiteElo "2632"]
[BlackElo "2491"]
[WhiteFideId "4100115"]
[BlackFideId "4501950"]
[EventDate "2012.01.08"]

1. Nf3 c5 2. c4 b6 3. g3 Bb7 4. Bg2 d6 5. O-O Nd7 6. Nc3 Ngf6 7. d4 cxd4 8. Qxd4
g6 9. Be3 Bg7 10. Rfd1 O-O 11. Qh4 Re8 12. Rac1 Rc8 13. b3 Qc7 14. Bh3 Rcd8 15.
Nd5 Qb8 16. Bh6 Bh8 17. Ng5 e6 18. Nc3 a6 19. Nce4 Bxe4 20. Nxe4 Nxe4 21. Qxe4
Qc7 22. Bg2 Ne5 23. Bg5 Rd7 24. h3 Rc8 25. Be3 Bg7 26. Kf1 Qd8 27. Rc2 Nc6 28.
Rcd2 Bc3 29. Rd3 Be5 30. f4 Bg7 31. Qxc6 Rxc6 32. Bxc6 Bf8 33. Bxd7 Qxd7 34.
Bxb6 Qc6 35. Bg1 Qh1 36. g4 d5 37. Rg3 Bc5 38. Rdd3 Bxg1 39. Rxg1 1/2-1/2

[Event "XXI Paul Keres Memorial Rapid"]
[Site "Tallinn EST"]
[Date "2012.01.08"]
[Round "2"]
[White "Ehlvest, Jaan"]
[Black "Kulaots, Kaido"]
[Result "1/2-1/2"]
[WhiteTitle "GM"]
[BlackTitle "GM"]
[WhiteElo "2594"]
[BlackElo "2581"]
[WhiteFideId "4500016"]
[BlackFideId "4500261"]
[EventDate "2012.01.08"]

1. e4 c5 2. Nf3 d6 3. d4 cxd4 4. Nxd4 Nf6 5. Nc3 a6 6. h3 g6 7. Be3 Bg7 8. g4
Nc6 9. Qd2 d5 10. exd5 Nxd5 11. Nxc6 bxc6 12. Bh6 O-O 13. Bxg7 Kxg7 14. O-O-O
Qc7 15. Bc4 Nb6 16. Rhe1 Bb7 17. Qd4+ Kg8 18. Bf1 Nd5 19. Na4 Rad8 20. b3 a5 21.
Kb2 Bc8 22. Qe5 Qxe5+ 23. Rxe5 f6 24. Ree1 e5 25. Nc5 Nf4 26. a4 Kg7 27. Nd3
Nxd3+ 28. Bxd3 c5 29. Bc4 1/2-1/2

[Event "XXI Paul Keres Memorial Rapid"]
[Site "Tallinn EST"]
[Date "2012.01.08"]
[Round "2"]
[White "Nyback, Tomi"]
[Black "Shirov, Alexei"]
[Result "1/2-1/2"]
[WhiteTitle "GM"]
[BlackTitle "GM"]
[WhiteElo "2634"]
[BlackElo "2710"]
[WhiteFideId "503142"]
[BlackFideId "2209390"]
[EventDate "2012.01.08"]

1. d4 d5 2. c4 c6 3. Nf3 Nf6 4. e3 e6 5. b3 Nbd7 6. Bd3 Ne4 7. O-O f5 8. Bb2 Bd6
9. Nc3 O-O 10. Ne2 Rf6 11. Ne5 Rh6 12. f4 Ndf6 13. h3 Bd7 14. Nc3 Be8 15. Nxe4
Nxe4 16. Bxe4 fxe4 17. Qe1 Qe7 18. Kh2 Bh5 19. Rg1 Rf8 20. g4 Be8 21. g5 Rh5 22.
Qe2 Bg6 23. Rg3 Bxe5 24. dxe5 dxc4 25. Qxc4 Rd8 26. Bd4 Bf5 27. b4 Qe8 28. Rag1
Rh4 29. Qe2 b6 30. Kg2 Qe7 31. Rd1 Rd5 32. a3 c5 33. bxc5 bxc5 34. Bc3 Qd7 35.
Rxd5 exd5 36. Qd2 Bxh3+ 37. Kg1 Bg4 38. e6 Qxe6 39. Qb2 d4 40. exd4 Bf3 41. Qb8+
Kf7 42. Qb7+ Ke8 43. Qb8+ Kf7 44. Qb7+ Ke8 45. Qb8+ 1/2-1/2

[Event "XXI Paul Keres Memorial Rapid"]
[Site "Tallinn EST"]
[Date "2012.01.08"]
[Round "3"]
[White "Kulaots, Kaido"]
[Black "Nyback, Tomi"]
[Result "1/2-1/2"]
[WhiteTitle "GM"]
[BlackTitle "GM"]
[WhiteElo "2581"]
[BlackElo "2634"]
[WhiteFideId "4500261"]
[BlackFideId "503142"]
[EventDate "2012.01.08"]

1. e4 e5 2. Nf3 Nc6 3. Bb5 a6 4. Ba4 Nf6 5. O-O Be7 6. Re1 b5 7. Bb3 d6 8. c3
O-O 9. h3 Na5 10. Bc2 d5 11. d4 dxe4 12. Nxe5 c5 13. Bf4 Bb7 14. dxc5 Bxc5 15.
b4 Nd5 16. Bg3 Nxb4 17. cxb4 Bxb4 18. Rf1 Qxd1 19. Rxd1 Rac8 20. a3 Be7 21. Ra2
f6 22. Rd7 Bc5 23. Rxb7 fxe5 24. Bxe4 Nxb7 25. Bxb7 Bxf2+ 26. Rxf2 Rc1+ 27. Kh2
Rxf2 28. Bxf2 Rxb1 29. Bxa6 e4 30. Bb7 Ra1 31. Bd5+ Kh8 32. Bc6 e3 33. Bxe3 Rxa3
34. Bd2 Rd3 35. Be1 Rd1 36. Ba5 Rd6 37. Bf3 Ra6 38. Be1 Ra1 39. Bd2 Ra2 40. Be1
Ra1 1/2-1/2

[Event "XXI Paul Keres Memorial Rapid"]
[Site "Tallinn EST"]
[Date "2012.01.08"]
[Round "3"]
[White "Shirov, Alexei"]
[Black "Khalifman, Alexander"]
[Result "1-0"]
[WhiteTitle "GM"]
[BlackTitle "GM"]
[WhiteElo "2710"]
[BlackElo "2632"]
[WhiteFideId "2209390"]
[BlackFideId "4100115"]
[EventDate "2012.01.08"]

1. e4 e5 2. Nf3 Nc6 3. Bb5 f5 4. Nc3 fxe4 5. Nxe4 Nf6 6. Nxf6+ Qxf6 7. Qe2 Be7
8. Bxc6 bxc6 9. d4 Qg6 10. O-O d6 11. Qc4 d5 12. Qc3 exd4 13. Nxd4 c5 14. Nb5
O-O 15. Nxc7 Rb8 16. Nxd5 Bd6 17. Qd3 Bf5 18. Qg3 Bxc2 19. Qxg6 Bxg6 20. b3 Rbd8
21. Be3 Bxh2+ 22. Kxh2 Rxd5 23. Rac1 Rc8 24. Rc3 Rd3 25. Rfc1 Rxc3 26. Rxc3 a5
27. Bxc5 Bf7 28. g4 h5 29. gxh5 Bxh5 30. a3 Be8 31. b4 axb4 32. axb4 Bb5 33. Kg3
Rd8 34. Be3 Rd7 35. Kf4 Kf7 36. Rc5 Rb7 37. Rf5+ Ke6 38. Re5+ Kf7 39. Bc5 Bc6
40. Rf5+ Ke6 41. Rg5 Kf7 42. Ke3 g6 43. Rg1 Rb8 44. Kd4 Bb5 45. Ra1 Ke6 46. Re1+
Kf6 47. Be7+ Kf7 48. Bd6 Rc8 49. Ra1 Rc2 50. Ke3 Rc3+ 51. Ke4 Ke6 52. Bc5 Rc4+
53. Ke3 Kd5 54. Rd1+ Ke5 55. Rd8 Rc3+ 56. Kd2 Rb3 57. Bd4+ Ke4 58. Bc3 Ra3 59.
Kc2 Ba4+ 60. Kd2 Ra2+ 61. Ke1 Rc2 62. Rd4+ Kf5 63. Bd2 Rb2 64. f3 g5 1-0

[Event "XXI Paul Keres Memorial Rapid"]
[Site "Tallinn EST"]
[Date "2012.01.08"]
[Round "3"]
[White "Volodin, Aleksandr"]
[Black "Fedoseev, Vladimir3"]
[Result "1/2-1/2"]
[WhiteTitle "GM"]
[BlackTitle "GM"]
[WhiteElo "2491"]
[BlackElo "2525"]
[WhiteFideId "4501950"]
[BlackFideId "24130737"]
[EventDate "2012.01.08"]

1. d4 d5 2. c4 c6 3. Nf3 Nf6 4. e3 Bg4 5. Nc3 e6 6. h3 Bh5 7. g4 Bg6 8. Ne5 Nbd7
9. Nxg6 hxg6 10. Bd2 g5 11. Bg2 Bd6 12. Qb3 Rb8 13. O-O-O a6 14. e4 Nxe4 15.
Bxe4 dxe4 16. Nxe4 Be7 17. Qe3 b5 18. d5 cxd5 19. cxd5 exd5 20. Nd6+ Kf8 21. Nf5
Bc5 22. Qxg5 Qxg5 23. Bxg5 g6 24. Ne3 Rc8 25. Kb1 d4 26. Nc2 f6 27. Bf4 Kf7 28.
Nxd4 Rhd8 29. Bg3 Ne5 30. Bxe5 fxe5 31. Nb3 Bb6 32. f3 Ke6 33. Nd2 Be3 34. Ne4
Rd4 35. a3 a5 36. h4 b4 37. axb4 axb4 38. b3 Rf8 39. Rxd4 exd4 40. h5 gxh5 41.
Nc5+ Kd6 42. Ne4+ Ke5 43. Rxh5+ Kf4 44. Nc5 Kxf3 1/2-1/2

[Event "XXI Paul Keres Memorial Rapid"]
[Site "Tallinn EST"]
[Date "2012.01.08"]
[Round "4"]
[White "Nyback, Tomi"]
[Black "Seeman, Tarvo"]
[Result "1-0"]
[WhiteTitle "GM"]
[BlackTitle "IM"]
[WhiteElo "2634"]
[BlackElo "2399"]
[WhiteFideId "503142"]
[BlackFideId "4500547"]
[EventDate "2012.01.08"]

1. d4 Nf6 2. c4 g6 3. Nc3 Bg7 4. e4 d6 5. Nf3 O-O 6. Be2 e5 7. Be3 Na6 8. O-O c6
9. d5 Ng4 10. Bg5 f6 11. Bh4 c5 12. Ne1 Nh6 13. Nd3 Qe7 14. f3 Nf7 15. a3 Bh6
16. Bf2 Bd7 17. b4 b6 18. Rb1 f5 19. a4 cxb4 20. Nxb4 Nc5 21. a5 Nd8 22. Nd3
Nxd3 23. Bxd3 bxa5 24. Qb3 Bd2 25. c5 dxc5 26. d6+ Qf7 27. Bc4 Be6 28. Nd5 Bb4
29. exf5 gxf5 30. Bh4 Kg7 31. f4 Nc6 32. Bf6+ Qxf6 33. Nxf6 Nd4 34. Qg3+ Kh8 35.
Qh4 1-0

[Event "XXI Paul Keres Memorial Rapid"]
[Site "Tallinn EST"]
[Date "2012.01.08"]
[Round "4"]
[White "Khalifman, Alexander"]
[Black "Kulaots, Kaido"]
[Result "1-0"]
[WhiteTitle "GM"]
[BlackTitle "GM"]
[WhiteElo "2632"]
[BlackElo "2581"]
[WhiteFideId "4100115"]
[BlackFideId "4500261"]
[EventDate "2012.01.08"]

1. Nf3 Nf6 2. c4 e6 3. g3 d5 4. Bg2 dxc4 5. Qa4+ c6 6. Qxc4 b5 7. Qb3 Bb7 8. O-O
Nbd7 9. d4 Be7 10. Ne5 Nxe5 11. dxe5 Nd7 12. Nc3 Qc7 13. Bf4 g5 14. Be3 Nxe5 15.
Rac1 a6 16. Ne4 h6 17. Bc5 O-O 18. Qc3 f6 19. f4 gxf4 20. gxf4 Ng6 21. Qh3 Kh7
22. Bxe7 Qxe7 23. Nc5 Bc8 24. e3 Rg8 25. Kh1 Qf7 26. a3 Ne7 27. Be4+ f5 28. Bf3
Nd5 29. Nd3 Nxe3 30. Ne5 Qf6 31. Bxc6 Nxf1 32. Bxa8 Nd2 33. Rc7+ Rg7 34. Rxc8
Qe7 35. Bg2 Qa7 36. Rh8+ Kxh8 37. Qxh6+ Kg8 38. Qxe6+ Kh8 39. Qh6+ Kg8 40. Bd5+ 1-0

[Event "XXI Paul Keres Memorial Rapid"]
[Site "Tallinn EST"]
[Date "2012.01.08"]
[Round "4"]
[White "Volodin, Aleksandr"]
[Black "Shirov, Alexei"]
[Result "0-1"]
[WhiteTitle "GM"]
[BlackTitle "GM"]
[WhiteElo "2491"]
[BlackElo "2710"]
[WhiteFideId "4501950"]
[BlackFideId "2209390"]
[EventDate "2012.01.08"]

1. d4 d5 2. c4 c6 3. Nf3 Nf6 4. e3 e6 5. Bd3 Nbd7 6. b3 Ne4 7. O-O f5 8. Bb2 Bd6
9. Ne5 O-O 10. f4 Nxe5 11. fxe5 Be7 12. Bxe4 dxe4 13. Ba3 c5 14. d5 Qa5 15. d6
Bg5 16. Qe1 b6 17. Qg3 Bh6 18. Bb2 b5 19. cxb5 Qxb5 20. Na3 Qe2 21. Nc4 Ba6 22.
Rf2 Qh5 23. Rc1 Rf7 24. Re1 Raf8 25. Bc1 g5 26. Qh3 Qg6 27. g3 Bxc4 28. bxc4 Bg7
29. Bb2 Rb7 30. Bc3 Qe8 31. g4 Rbf7 32. Ref1 f4 33. Qh5 Qa4 34. Qxg5 Qxc4 35.
Ba1 f3 36. Rd1 Qa4 37. Rc1 Rb7 38. h4 Qa3 39. Re1 Qd3 40. h5 Rb1 41. Rxb1 Qxb1+
42. Rf1 Qxa2 0-1

[Event "XXI Paul Keres Memorial Rapid"]
[Site "Tallinn EST"]
[Date "2012.01.08"]
[Round "4"]
[White "Fedoseev, Vladimir3"]
[Black "Ehlvest, Jaan"]
[Result "1-0"]
[WhiteTitle "GM"]
[BlackTitle "GM"]
[WhiteElo "2525"]
[BlackElo "2594"]
[WhiteFideId "24130737"]
[BlackFideId "4500016"]
[EventDate "2012.01.08"]

1. d4 Nf6 2. c4 e6 3. Nc3 c5 4. d5 exd5 5. cxd5 d6 6. e4 g6 7. Bd3 Bg7 8. h3 a6
9. a4 Nbd7 10. Nf3 Qe7 11. O-O O-O 12. Bf4 Nh5 13. Bh2 Ne5 14. Nxe5 Bxe5 15. f4
Bg7 16. Kh1 Bd7 17. Qf3 b5 18. axb5 axb5 19. Nxb5 Bxb5 20. Bxb5 Rxa1 21. Rxa1
Bxb2 22. Re1 Rb8 23. Bf1 Bd4 24. e5 Ng7 25. e6 f5 26. Bg1 Bxg1 27. Kxg1 Ne8 28.
g4 Qf6 29. Rd1 Nc7 30. Qa3 fxg4 31. Qa7 Rb2 32. Qxc7 Qxf4 33. Qf7+ Qxf7 34.
exf7+ Kxf7 35. hxg4 Rb4 36. Be2 Kf6 37. Kf2 Ke5 38. Rh1 Rb7 39. Ke3 Rb3+ 40. Kd2
Rb2+ 41. Ke3 Rb3+ 42. Kf2 Rb7 43. Kg3 Kd4 44. Rd1+ Kc3 45. Rd3+ Kc2 46. Re3 Rb3
47. Bd1+ 1-0

[Event "XXI Paul Keres Memorial Rapid"]
[Site "Tallinn EST"]
[Date "2012.01.08"]
[Round "5"]
[White "Kulaots, Kaido"]
[Black "Volodin, Aleksandr"]
[Result "0-1"]
[WhiteTitle "GM"]
[BlackTitle "GM"]
[WhiteElo "2581"]
[BlackElo "2491"]
[WhiteFideId "4500261"]
[BlackFideId "4501950"]
[EventDate "2012.01.08"]

1. Nf3 d5 2. d4 c5 3. c4 cxd4 4. cxd5 Qa5+ 5. Qd2 Qxd5 6. Nc3 Qd7 7. Nxd4 e5 8.
Ndb5 a6 9. Qxd7+ Kxd7 10. Na3 Bxa3 11. bxa3 Nf6 12. Bg5 Ke6 13. e4 b5 14. a4 Bb7
15. Bxf6 gxf6 16. axb5 Rc8 17. Kd2 Rd8+ 18. Kc2 Rc8 19. Kb2 Nd7 20. Be2 axb5 21.
Bxb5 Nb6 22. Kb3 f5 23. f3 fxe4 24. fxe4 Nd7 25. Rhe1 Nc5+ 26. Kb4 Ba6 27. Red1
Bxb5 28. Kxb5 Rab8+ 29. Ka5 Rc6 30. Nb5 Nxe4 31. a4 Nc5 32. Kb4 Na6+ 33. Ka3 Nc7
34. Nxc7+ Rxc7 35. Rac1 Rxc1 36. Rxc1 e4 37. a5 Ke5 38. Rc7 e3 39. Rxf7 Re8 40.
Rf1 e2 41. Re1 Kd4 42. g4 Kd3 43. g5 0-1

[Event "XXI Paul Keres Memorial Rapid"]
[Site "Tallinn EST"]
[Date "2012.01.08"]
[Round "5"]
[White "Seeman, Tarvo"]
[Black "Khalifman, Alexander"]
[Result "1/2-1/2"]
[WhiteTitle "IM"]
[BlackTitle "GM"]
[WhiteElo "2399"]
[BlackElo "2632"]
[WhiteFideId "4500547"]
[BlackFideId "4100115"]
[EventDate "2012.01.08"]

1. Nf3 d6 2. d4 g6 3. e4 Bg7 4. Nc3 Nf6 5. Be3 c6 6. a4 O-O 7. h3 d5 8. Bd3 dxe4
9. Nxe4 Nxe4 10. Bxe4 Bf5 11. Qd3 Bxe4 12. Qxe4 Nd7 13. O-O Re8 14. Rad1 Qa5 15.
b3 Qd5 16. Qd3 Nf6 17. c4 Qf5 18. Rfe1 Qxd3 19. Rxd3 Rad8 20. Red1 a6 1/2-1/2

[Event "XXI Paul Keres Memorial Rapid"]
[Site "Tallinn EST"]
[Date "2012.01.08"]
[Round "5"]
[White "Shirov, Alexei"]
[Black "Fedoseev, Vladimir3"]
[Result "1-0"]
[WhiteTitle "GM"]
[BlackTitle "GM"]
[WhiteElo "2710"]
[BlackElo "2525"]
[WhiteFideId "2209390"]
[BlackFideId "24130737"]
[EventDate "2012.01.08"]

1. e4 c5 2. Nf3 d6 3. d4 cxd4 4. Nxd4 Nf6 5. Nc3 a6 6. Be3 e6 7. Be2 Qc7 8. Qd2
b5 9. a3 Bb7 10. f3 Nc6 11. g4 h6 12. h4 Nxd4 13. Bxd4 e5 14. Be3 d5 15. Nxd5
Nxd5 16. exd5 Rd8 17. O-O-O Rxd5 18. Bd3 Bc5 19. g5 Bxe3 20. Qxe3 Qc5 21. Qe2
hxg5 22. Be4 Rxd1+ 23. Rxd1 Bxe4 24. Qxe4 O-O 25. hxg5 Rc8 26. c3 a5 27. Kb1 b4
28. axb4 axb4 29. cxb4 Qc7 30. g6 fxg6 31. Qxg6 Qe7 32. b5 Rb8 33. Qc6 Qb4 34.
Qe6+ Kf8 35. Rh1 1-0

[Event "XXI Paul Keres Memorial Rapid"]
[Site "Tallinn EST"]
[Date "2012.01.08"]
[Round "5"]
[White "Ehlvest, Jaan"]
[Black "Nyback, Tomi"]
[Result "1/2-1/2"]
[WhiteTitle "GM"]
[BlackTitle "GM"]
[WhiteElo "2594"]
[BlackElo "2634"]
[WhiteFideId "4500016"]
[BlackFideId "503142"]
[EventDate "2012.01.08"]

1. e4 e5 2. Nf3 Nc6 3. Bb5 f5 4. d3 fxe4 5. dxe4 Nf6 6. O-O d6 7. Nc3 a6 8. Bc4
Na5 9. Be2 Be7 10. Nd5 Nc6 11. Qd3 O-O 12. Be3 Nxd5 13. exd5 Nb8 14. Nd2 Bf5 15.
Qb3 Qc8 16. c4 Kh8 17. Bd3 Bxd3 18. Qxd3 Nd7 19. Ne4 Qe8 20. f3 1/2-1/2

[Event "XXI Paul Keres Memorial Rapid"]
[Site "Tallinn EST"]
[Date "2012.01.08"]
[Round "6"]
[White "Fedoseev, Vladimir3"]
[Black "Nyback, Tomi"]
[Result "1-0"]
[WhiteTitle "GM"]
[BlackTitle "GM"]
[WhiteElo "2525"]
[BlackElo "2634"]
[WhiteFideId "24130737"]
[BlackFideId "503142"]
[EventDate "2012.01.08"]

1. d4 d5 2. c4 c6 3. Nf3 Nf6 4. Nc3 e6 5. Bg5 h6 6. Bxf6 Qxf6 7. e3 Nd7 8. Bd3
dxc4 9. Bxc4 g6 10. O-O Bg7 11. b4 O-O 12. Rc1 Qe7 13. Qb3 a5 14. b5 c5 15. Na4
cxd4 16. exd4 Qb4 17. a3 Qxb3 18. Bxb3 Rd8 19. d5 exd5 20. Bxd5 Nf6 21. Ba2 Bd7
22. Nb6 Bxb5 23. Nxa8 Bxf1 24. Kxf1 Rxa8 25. Rc7 b5 26. Bxf7+ Kh7 27. Nh4 b4 28.
axb4 axb4 29. Bxg6+ Kh8 30. Bf7 Ng4 31. h3 Ne5 32. Bb3 Nd3 33. Ke2 Nf4+ 34. Kf3
Rf8 35. Ke4 Bf6 36. Nf5 Nxg2 37. Nxh6 Nh4 38. Nf7+ Kg7 39. Ng5+ Kg6 40. Ne6 Re8
41. Kd5 Re7 42. Rc4 Rd7+ 43. Kc6 Rd2 44. Rg4+ Kf5 45. Nc5 Nf3 46. Be6+ 1-0

[Event "XXI Paul Keres Memorial Rapid"]
[Site "Tallinn EST"]
[Date "2012.01.08"]
[Round "6"]
[White "Khalifman, Alexander"]
[Black "Ehlvest, Jaan"]
[Result "1/2-1/2"]
[WhiteTitle "GM"]
[BlackTitle "GM"]
[WhiteElo "2632"]
[BlackElo "2594"]
[WhiteFideId "4100115"]
[BlackFideId "4500016"]
[EventDate "2012.01.08"]

1. d4 Nf6 2. c4 e6 3. Nf3 d5 4. Nc3 Be7 5. Bg5 O-O 6. e3 Nbd7 7. Qc2 h6 8. Bh4
c5 9. cxd5 Nxd5 10. Bxe7 Qxe7 11. Nxd5 exd5 12. dxc5 Nxc5 13. Be2 Bg4 14. O-O
Rac8 15. Rac1 1/2-1/2

[Event "XXI Paul Keres Memorial Rapid"]
[Site "Tallinn EST"]
[Date "2012.01.08"]
[Round "6"]
[White "Volodin, Aleksandr"]
[Black "Seeman, Tarvo"]
[Result "1/2-1/2"]
[WhiteTitle "GM"]
[BlackTitle "IM"]
[WhiteElo "2491"]
[BlackElo "2399"]
[WhiteFideId "4501950"]
[BlackFideId "4500547"]
[EventDate "2012.01.08"]

1. d4 Nf6 2. c4 g6 3. Nc3 Bg7 4. e4 d6 5. f3 O-O 6. Be3 a6 7. Bd3 Nfd7 8. Nge2
c5 9. d5 Ne5 10. f4 Nxd3+ 11. Qxd3 b5 12. O-O Nd7 13. Rab1 bxc4 14. Qxc4 Nb6 15.
Qd3 a5 16. Rfd1 Ba6 17. Qc2 a4 18. Bf2 Bxe2 19. Qxe2 Qc8 20. e5 Qa6 21. Qxa6
Rxa6 22. Ne4 Nd7 23. exd6 exd6 24. b4 axb3 25. axb3 Rb8 26. Nd2 Nf6 27. h3 Nxd5
28. Ne4 Nc3 29. Nxc3 Bxc3 30. Rd3 Bf6 31. Rbd1 Be7 32. f5 gxf5 33. Bg3 Rb4 34.
Be1 Re4 35. Bc3 f6 36. Rf3 f4 37. Bd2 d5 38. Bxf4 d4 39. Rd2 Ra1+ 40. Kf2 Kf7
41. Bc7 Rb1 42. Ra2 Re3 43. Rxe3 dxe3+ 44. Kxe3 Rxb3+ 45. Ke4 Rb7 46. Bf4 Kg6
47. Kd5 Rb4 48. Be3 Rb3 49. Bg1 Rb1 50. Bf2 Kf7 51. Rc2 Rd1+ 52. Ke4 Kg6 53.
Bxc5 Bxc5 54. Rxc5 h5 1/2-1/2

[Event "XXI Paul Keres Memorial Rapid"]
[Site "Tallinn EST"]
[Date "2012.01.08"]
[Round "6"]
[White "Shirov, Alexei"]
[Black "Kulaots, Kaido"]
[Result "1/2-1/2"]
[WhiteTitle "GM"]
[BlackTitle "GM"]
[WhiteElo "2710"]
[BlackElo "2581"]
[WhiteFideId "2209390"]
[BlackFideId "4500261"]
[EventDate "2012.01.08"]

1. e4 c5 2. Nf3 d6 3. d4 cxd4 4. Nxd4 Nf6 5. Nc3 a6 6. h3 g6 7. g4 Bg7 8. Be2 h6
9. Be3 Nbd7 10. f4 e5 11. Nf3 Qc7 12. f5 gxf5 13. Nh4 f4 14. Nf5 Bf8 15. Bf2 b5
16. Bf3 Bb7 17. a3 Nc5 18. Qe2 O-O-O 19. Bh4 Be7 20. O-O-O Ne6 21. Bxf6 Bxf6 22.
Nd5 Bxd5 23. Rxd5 Nd4 24. Nxd4 exd4 25. a4 Qc4 26. axb5 Qxe2 27. Bxe2 axb5 28.
Rxb5 Be5 29. Bc4 Kc7 30. Bd5 Rb8 31. Ra5 Kb6 32. Ra3 Rhc8 33. Rf1 Rc5 34. Rff3
Kc7 35. Ra7+ Kd8 36. Rxf7 Ra5 37. Rf8+ Kc7 38. Rf7+ Kd8 39. Rf8+ Kc7 40. Rxb8
Kxb8 41. Kd2 Ra1 42. Ra3 Rh1 43. b4 Rh2+ 44. Kd1 Rh1+ 45. Ke2 Rh2+ 46. Kd1 1/2-1/2

[Event "XXI Paul Keres Memorial Rapid"]
[Site "Tallinn EST"]
[Date "2012.01.08"]
[Round "7"]
[White "Nyback, Tomi"]
[Black "Khalifman, Alexander"]
[Result "1/2-1/2"]
[WhiteTitle "GM"]
[BlackTitle "GM"]
[WhiteElo "2634"]
[BlackElo "2632"]
[WhiteFideId "503142"]
[BlackFideId "4100115"]
[EventDate "2012.01.08"]

1. d4 Nf6 2. c4 e6 3. g3 d5 4. Nf3 Be7 5. Bg2 O-O 6. O-O dxc4 7. Qc2 a6 8. Qxc4
b5 9. Qc2 Bb7 10. Bd2 Be4 11. Qc1 Bb7 12. Rd1 h6 13. a3 Bd6 14. Nc3 Nbd7 15. Bf4
Nb6 16. Ne5 Bxg2 17. Kxg2 Qc8 18. Nd3 Qb7+ 19. Kg1 Nbd7 20. b4 Rfe8 21. Nc5 Bxc5
22. dxc5 e5 23. Be3 Nf8 24. c6 Qc8 25. Nd5 Nxd5 26. Rxd5 Qe6 27. Qc5 Nh7 28. Kg2
Nf6 29. Rd3 Ne4 30. Qd5 Qxd5 31. Rxd5 Rad8 32. Rad1 Rxd5 33. Rxd5 Re6 34. Rd8+
Kh7 35. Rd7 Rxc6 36. Rxf7 Kg6 37. Rd7 Rc3 38. Rd3 Rxd3 39. exd3 Nf6 40. Kf3 Kf5
41. h3 h5 42. Bc5 g5 43. Ke2 g4 44. hxg4+ hxg4 45. f3 Nd5 46. Ba7 Nc3+ 47. Kd2
Nd5 48. Ke2 Nc3+ 49. Kd2 Nd5 1/2-1/2